Mort subite : Les pirates de l'équipage du rocks dans one piece - Statistiques

Statistiques générales
  • Ce quiz a été pris 226 fois
  • Le résultat moyen est 7 sur 15
Answers on the Grid
Answers color-coded by a green-red scale on the quiz's grid according to % correct below.
Rock D Xebec
Newgate Weebl
Edward Newgate
Stussy
Kaido
Charlotte Linlin
Miss Buckingham Stussy
Gol D Roger
Davy Jones
Shiki le lion d'or
Loki
Harald
Ochoku
Captain John
Streusen (cuistot de Big mom)
Marlon
Marco
Gill Bastar
Le sabre de Xebec
Hancock Gloriosa
Zeus / Prométhée
Belmer
Hache d'Argent
King
Vegapunk
Shiliew
Oden Kozuki
Murakumogiri
 
Statistiques - réponses
Réponse % Correct
Edward Newgate
68%
Rock D Xebec
67%
Kaido
64%
Charlotte Linlin
63%
Shiki le lion d'or
59%
Captain John
54%
Miss Buckingham Stussy
49%
Hancock Gloriosa
46%
Hache d'Argent
43%
Streusen (cuistot de Big mom)
42%
Zeus / Prométhée
40%
Ochoku
36%
Marlon
35%
Gill Bastar
31%
Murakumogiri
15%
Aucun quiz correspondant
Distribution des résultats
% des personnes avec chaque résultat
Percentile par nombre de réponses
Votre historique - résultats
Vous n’avez pas pris ce quiz